Bioscience and the Good Life (Record no. 295032)
[ view plain ]
| 000 -LEADER | |
|---|---|
| fixed length control field | 00336nam a2200109Ia 4500 |
| 008 - FIXED-LENGTH DATA ELEMENTS--GENERAL INFORMATION | |
| fixed length control field | 160531s9999 xx 000 0 und d |
| 100 ## - MAIN ENTRY--PERSONAL NAME | |
| Personal name | Brassington, Lain. |
| 245 ## - TITLE STATEMENT | |
| Title | Bioscience and the Good Life |
| 245 ## - TITLE STATEMENT | |
| Statement of responsibility, etc | by Iain Brassington |
| 260 ## - PUBLICATION, DISTRIBUTION, ETC. (IMPRINT) | |
| Date of publication, distribution, etc | 2013 |
| 856 ## - ELECTRONIC LOCATION AND ACCESS | |
| Uniform Resource Identifier | <a href="https://www.bloomsburycollections.com/book/bioscience-and-the-good-life/">https://www.bloomsburycollections.com/book/bioscience-and-the-good-life/</a> |
| Withdrawn status | Lost status | Damaged status | Home library | Current library | Date acquired | Total Checkouts | Date last seen | Price effective from | Koha item type |
|---|---|---|---|---|---|---|---|---|---|
| College Library | College Library | 05/31/2016 | 05/31/2016 | 05/31/2016 | Curriculum - Based eBooks |